- Nuttin, Joseph,
Entry Nombre Personal
001 - NUMERO DE CONTROL
- campo de control: 29722
003 - IDENTIFICADOR DE NUMERO DE CONTROL
- campo de control: DLC
005 - FECHA Y HORA DE LA ÜLTIMA TRANSACCIÓN
- campo de control: 20221122122742.0
008 - DATOS DE LONGITUD FIJA
- campo de control de longitud fija: 221122n| acannaabn |a aaa
010 ## - NÚMERO DE CONTROL DE LA BIBLIOTECA DEL CONGRESO
- Número de control LC: n 50024493
035 ## - NUMERO DE CONTROL
- Número de control: (OCoLC)oca00059899
040 ## - FUENTE DE CATALOGACIÓN
- Agencia original de catalogación: DLC
- Lenguaje de catalogación: spa
- Agencia de transcripción: DLC
- Agencia que lo modifica: DLC
- Agencia que lo modifica: TxHU
- Agencia que lo modifica: MX-MxUPN
100 1# - ENCABEZAMIENTO - NOMBRE PERSONAL
- Nombre personal: Nuttin, Joseph,
- Fechas asociadas con el nombre: 1909-1988
400 1# - VEÁSE - NOMBRE DE PERSONA
- Personal name: Nuttin, Joseph Remi,
- Dates associated with a name: 1909-1988
400 1# - VEÁSE - NOMBRE DE PERSONA
- Personal name: Nuttin, Jozef,
- Dates associated with a name: 1909-1988
400 1# - VEÁSE - NOMBRE DE PERSONA
- Personal name: Nuttin, J.
- Fuller form of name: (Joseph),
- Dates associated with a name: 1909-1988
670 ## - FUENTE EN LA QUE SE LOCALIZARON DATOS
- Cita de la fuente: En su obra: Het Instituut voor Psychologie en Opvoedkunde ... 1945.
670 ## - FUENTE EN LA QUE SE LOCALIZARON DATOS
- Cita de la fuente: En su obra: Motivation, planning, and action, 1983:
- Información localizada: CIP portada (Joseph Nuttin) vita (Joseph Remi Nuttin)
670 ## - FUENTE EN LA QUE SE LOCALIZARON DATOS
- Cita de la fuente: NLM files, 11/30/89
- Información localizada: (Nuttin, Joseph, 1909- ; usage: Joseph Nuttin)
670 ## - FUENTE EN LA QUE SE LOCALIZARON DATOS
- Cita de la fuente: WWW site of the J.R. Nuttin Fund & Lectures, viewed online via the home page of the Katholieke Universiteit Leuven, Faculteit Psychologie en Pedagogische Wetenschappen, May 21, 2008
- Información localizada: (Joseph R. Nuttin, n. Nov. 7, 1909, Zwevegem, Belgium, m. Dec. 23, 1988)
902 ## - CATALOGADOR
- Catalogador: NDAF/221122
